000 01070cam a22002055a 4500
001 L150492
008 100720e20100716xxk 000 0 eng d
035 _a(Sirsi) u150492
041 0 _aeng
100 1 _aShah, Aditi
245 0 0 _aMarkets
_bSouth London
260 _c2010
490 0 _aProperty Week
_v76(28) 16 July 2010, 45-48(4)
520 _aIrish developer Ballymore reveals its plans for a 2.5m sq ft mixed-use development at Nine Elms centring around the new US embassy site. Lend Lease Europe and Quintain's £5bn Greenwich Peninsula scheme prepares for its next phase, 250 000 sq ft of offices and homes. CoStar Focus research shows that rents in key office locations in south London have fallen on average by 20% with first half of 2010 take up down 50% compared with the same period in 2009. TK Maxx and New Look are combining units to create large stores at Southside Shopping Centre in Wandsworth.
590 _aKA
651 4 _aLondon
690 _aPROPERTY-COMMERCIAL PROPERTY-COMMERCIAL PROPERTY MARKET
700 1 _aCuff, Nick
942 _n0
999 _c82530
_d82530